000 01440nam a2200277Ia 4500
999 _c56402
_d56402
001 23515
003 GE_BSU
005 20260212173804.0
008 181216s1972||||ge |||||||||||||| ||geo||
040 _cGE_BSU
041 _ageo
080 _a94(4)"04/14" + 94(5)"04/14 ჩ-95
100 _aჩხარტიშვილი, გრ.
_926889
245 _aშუა საუკუნეების ისტორია. წ. 2 :
_bევროპა და აზია შუა საუკუნეებში /
_cგრ. ჩხარტიშვილი ; რედ. კ. ლილუაშვილი.
264 _aთბილისი :
_bგანათლება,
_c1972.
300 _a382 გვ. ;
_c22 სმ.
500 _aსახელთა საძიებლები: გვ.333-377
504 _aბიბლიოგრაფია: გვ.378-381
541 _h1ლ. 36თ.
653 _aევროპის შუა საუკუნეების ისტორია
653 _aაზიის ქვეყნების შუა საუკუნეების ისტორია
653 _aშუა საუკუნეების ისტორია. წ. 2
653 _aევროპა და აზია შუა საუკუნეებში
700 _aლილუაშვილი, კ.
_eრედაქტორი
_926890
942 _cBK
_2udc